| 000 | 00505nam a2200181Ia 4500 | ||
|---|---|---|---|
| 008 | 240925s9999 xx 000 0 und d | ||
| 020 | _a948549882 | ||
| 082 | _a004.3 COL | ||
| 100 | _aCollin, S.M. H. | ||
| 245 | 0 | _aDictionary of Information Technology | |
| 250 | _a2nd | ||
| 260 |
_aMiddlesex: _bPeter Collin _c,1997. |
||
| 300 |
_axvi,500p. _bNA _fPirated |
||
| 500 | _aIncludes Illustrations | ||
| 600 | _aComputer Science | ||
| 650 | _aComputer science, information & general works | ||
| 942 | _cBK | ||
| 999 |
_c6279 _d6279 |
||